[Event "Krakow op-A 34th"]
[Site "Krakow"]
[Date "2024.01.03"]
[Round "8"]
[White "Janeczko, Jakub"]
[Black "Kazantzoglou, Stefanos"]
[Result "1-0"]
[WhiteElo "2283"]
[BlackElo "2152"]
[PlyCount "39"]
[EventDate "2023.12.27"]
[EventType "swiss"]
[EventRounds "9"]
[EventCountry "POL"]
[SourceTitle "CB02_2024"]
[SourceDate "2024.01.10"]
[SourceVersion "1"]
[SourceVersionDate "2024.01.10"]
[SourceQuality "1"]

1. e4 e5 2. Nc3 Nf6 3. Bc4 Nc6 4. d3 Na5 5. Qf3 Bb4 6. Nge2 Nxc4 7. dxc4 0-0 8. 0-0 d6 9. Bg5 Be6 10. Nd5 Bxd5 11. cxd5 h6 12. Bxf6 Qxf6 13. Qxf6 gxf6 14. Ng3 Kh7 15. Rfd1 Kg6 16. Nf5 Rae8 17. Rd3 Rg8 18. c3 Bc5 19. Rh3 h5 20. Rd1 1-0

[Event "Krakow op-A 34th"]
[Site "Krakow"]
[Date "2023.12.31"]
[Round "5"]
[White "Kazantzoglou, Stefanos"]
[Black "Krzyzanowski, Patryk"]
[Result "1-0"]
[WhiteElo "2152"]
[BlackElo "2102"]
[PlyCount "93"]
[EventDate "2023.12.27"]
[EventType "swiss"]
[EventRounds "9"]
[EventCountry "POL"]
[SourceTitle "CB02_2024"]
[SourceDate "2024.01.10"]
[SourceVersion "1"]
[SourceVersionDate "2024.01.10"]
[SourceQuality "1"]

1. e4 c5 2. Nc3 Nc6 3. Bb5 Nd4 4. Nf3 a6 5. Bd3 Nc6 6. 0-0 g6 7. e5 Bg7 8. Re1 f5 9. a4 e6 10. Nb1 g5 11. h3 h5 12. c3 g4 13. Nh2 gxh3 14. g3 h4 15. g4 Nh6 16. f4 b6 17. Na3 b5 18. gxf5 Nxf5 19. Bxf5 exf5 20. d4 cxd4 21. cxd4 Qb6 22. Nf3 Bb7 23. Kh2 0-0-0 24. axb5 axb5 25. Be3 Bh6 26. Qb3 Na5 27. Qxb5 Qxb5 28. Nxb5 Bxf3 29. Rxa5 Rdg8 30. Nd6+ Kc7 31. Rc5+ Kb8 32. Rb5+ Kc7 33. Rc1+ Kd8 34. Rb8+ Ke7 35. Rxg8 Rxg8 36. Nxf5+ Ke6 37. Nxh6 Rg2+ 38. Kxh3 Rxb2 39. f5+ Kd5 40. f6 Ke4 41. f7 Rb8 42. Bg5 Bh5 43. Kxh4 Bxf7 44. Nxf7 Rf8 45. Nd6+ Kxd4 46. Bf6 Kd5 47. Rc4 1-0

[Event "Krakow op-A 34th"]
[Site "Krakow"]
[Date "2023.12.28"]
[Round "2"]
[White "Piekielny, Pawel"]
[Black "Kazantzoglou, Stefanos"]
[Result "1-0"]
[WhiteElo "2250"]
[BlackElo "2152"]
[PlyCount "79"]
[EventDate "2023.12.27"]
[EventType "swiss"]
[EventRounds "9"]
[EventCountry "POL"]
[SourceTitle "CB02_2024"]
[SourceDate "2024.01.10"]
[SourceVersion "1"]
[SourceVersionDate "2024.01.10"]
[SourceQuality "1"]

1. e4 e5 2. Nf3 Nc6 3. Bb5 a6 4. Ba4 Nf6 5. 0-0 b5 6. Bb3 Bc5 7. Nc3 0-0 8. d3 h6 9. Nd5 d6 10. c3 Rb8 11. h3 Nxd5 12. Bxd5 Ne7 13. Bb3 Bb6 14. Nh4 Kh7 15. Qh5 Ng8 16. Be3 Bxe3 17. fxe3 Qg5 18. Bxf7 Rxf7 19. Qxf7 Qxh4 20. Qxc7 Bxh3 21. Rf3 Rc8 22. Qxd6 Bg4 23. Qxe5 Bxf3 24. Qf5+ Kh8 25. Qxc8 Qg5 26. Qh3 Be2 27. d4 Nf6 28. e5 Bg4 29. Qg3 Nh5 30. Qf2 Bf5 31. Kh2 g6 32. a4 bxa4 33. Rxa4 Nf6 34. exf6 Qh5+ 35. Kg1 Qd1+ 36. Qf1 Qd2 37. Qf4 Qd1+ 38. Kf2 Qc2+ 39. Kg3 g5 40. Qc7 1-0

[Event "Wch U14"]
[Site "Montesilvano"]
[Date "2023.11.20"]
[Round "7"]
[White "Lissillour, Baptiste"]
[Black "Kazantzoglou, Stefanos"]
[Result "1-0"]
[WhiteElo "2298"]
[BlackElo "2031"]
[PlyCount "113"]
[EventDate "2023.11.13"]
[EventType "swiss"]
[EventRounds "11"]
[EventCountry "ITA"]
[SourceTitle "CB48_2023"]
[SourceDate "2023.11.29"]
[SourceVersion "1"]
[SourceVersionDate "2023.11.29"]
[SourceQuality "1"]

1. e4 e5 2. Nf3 Nc6 3. Bb5 a6 4. Ba4 Nf6 5. 0-0 b5 6. Bb3 Bc5 7. a4 Rb8 8. c3 d6 9. d4 Bb6 10. a5 Ba7 11. h3 Bb7 12. Re1 0-0 13. Be3 exd4 14. cxd4 Ne7 15. Nc3 b4 16. e5 Bxf3 17. gxf3 bxc3 18. exf6 Ng6 19. fxg7 Re8 20. bxc3 Qh4 21. Kg2 Qh5 22. f4 Nh4+ 23. Kg3 Nf5+ 24. Kh2 Qh4 25. Ra2 c6 26. Bc4 d5 27. Bxa6 Rxe3 28. fxe3 Qg3+ 29. Kh1 Re8 30. Rh2 Bb8 31. Rg1 Qxe3 32. Qe2 Bxf4 33. Qxe3 Rxe3 34. Rf2 Rxh3+ 35. Kg2 Rh2+ 36. Kf1 Rxf2+ 37. Kxf2 Be3+ 38. Kf1 Bxg1 39. Kxg1 Nd6 40. Bb7 Kxg7 41. a6 Nb5 42. Bxc6 Na7 43. Bxd5 Kf6 44. Kf2 Ke7 45. Ke3 f6 46. Kf4 Kd6 47. Bb7 Kc7 48. c4 Kd7 49. Kf5 Ke7 50. Bf3 Nc8 51. c5 Na7 52. d5 h6 53. d6+ Kd7 54. Kxf6 h5 55. Kg5 Kc8 56. Kxh5 Kb8 57. c6 1-0

[Event "Wch U14"]
[Site "Montesilvano"]
[Date "2023.11.18"]
[Round "6"]
[White "Myagmarsuren, Evsuld"]
[Black "Kazantzoglou, Stefanos"]
[Result "1-0"]
[WhiteElo "2150"]
[BlackElo "2031"]
[PlyCount "116"]
[EventDate "2023.11.13"]
[EventType "swiss"]
[EventRounds "11"]
[EventCountry "ITA"]
[SourceTitle "CB48_2023"]
[SourceDate "2023.11.29"]
[SourceVersion "1"]
[SourceVersionDate "2023.11.29"]
[SourceQuality "1"]

1. e4 e5 2. Nf3 Nc6 3. Bc4 Nf6 4. d3 Be7 5. 0-0 0-0 6. Re1 d6 7. a4 Kh8 8. a5 a6 9. h3 Ng8 10. Nc3 f5 11. Nd5 fxe4 12. dxe4 Nf6 13. b4 Nxd5 14. exd5 Nd4 15. Nxd4 exd4 16. Bb2 Bh4 17. Bxd4 Qg5 18. Ra3 Bf5 19. Rf3 Rae8 20. Bd3 Bxd3 21. Rxe8 Rxe8 22. Qxd3 Kg8 23. Be3 Qe5 24. Qc4 Bf6 25. Qxc7 Qxd5 26. Bf4 Qc6 27. Qxc6 bxc6 28. Re3 Rxe3 29. fxe3 d5 30. Bd6 Kf7 31. Kf2 Ke6 32. Bc5 Kf5 33. Kf3 g6 34. g4+ Ke6 35. Ke2 h5 36. e4 hxg4 37. hxg4 Bd8 38. exd5+ Kxd5 39. Kd3 Ke6 40. c4 Kd7 41. Ke4 Bc7 42. Bb6 Bd6 43. b5 cxb5 44. cxb5 axb5 45. Kd5 Bf4 46. a6 Kc8 47. Kc6 Kb8 48. Kxb5 Bd2 49. Kc6 g5 50. Kd5 Bc3 51. Be3 Be1 52. Ke6 Bh4 53. Kf5 Ka8 54. Bxg5 Bg3 55. Be3 Bh4 56. Bd4 Be7 57. Bf6 Bf8 58. g5 Ka7 1-0

[Event "Athens Iraklion op 25th"]
[Site "Athens"]
[Date "2023.06.20"]
[Round "4"]
[White "Gazis, Efstathios"]
[Black "Kazantzoglou, Stefanos"]
[Result "1-0"]
[WhiteElo "2165"]
[BlackElo "1816"]
[PlyCount "69"]
[EventDate "2023.06.17"]
[EventType "swiss"]
[EventRounds "9"]
[EventCountry "GRE"]
[SourceTitle "CBM 214 Extra"]
[Source "ChessBase"]
[SourceDate "2023.07.31"]
[SourceVersion "1"]
[SourceVersionDate "2023.07.31"]
[SourceQuality "1"]

1. e4 e5 2. Nf3 Nc6 3. Bb5 a6 4. Ba4 Nf6 5. 0-0 b5 6. Bb3 Bc5 7. Nc3 d6 8. Nd5 0-0 9. c3 h6 10. d4 Ba7 11. Nxf6+ Qxf6 12. Bd5 Bb7 13. Be3 exd4 14. cxd4 Na5 15. e5 Qe7 16. Bxb7 Nxb7 17. Rc1 d5 18. Qc2 Bb6 19. Qc6 Na5 20. Qxd5 Rad8 21. Qe4 Qe6 22. b3 f5 23. Qc2 g5 24. Rfd1 g4 25. Nh4 f4 26. d5 Rxd5 27. Bxb6 Rxd1+ 28. Rxd1 cxb6 29. Rd6 Rc8 30. Qd1 Qxe5 31. Qxg4+ Kf7 32. Qd7+ Qe7 33. Qf5+ Kg7 34. Rg6+ Kh7 35. Rxh6+ 1-0

[Event "Chalkida Evoiki op 5th"]
[Site "Chalkida"]
[Date "2023.01.08"]
[Round "6"]
[White "Kazantzoglou, Stefanos"]
[Black "Merkouropoulos, Dionysios"]
[Result "0-1"]
[WhiteElo "1944"]
[BlackElo "1570"]
[PlyCount "84"]
[EventDate "2023.01.05"]
[EventType "swiss"]
[EventRounds "7"]
[EventCountry "GRE"]
[SourceTitle "CBM 212 Extra"]
[Source "ChessBase"]
[SourceDate "2023.03.31"]
[SourceVersion "1"]
[SourceVersionDate "2023.03.31"]
[SourceQuality "1"]

1. e4 c5 2. Nf3 d6 3. d4 cxd4 4. Nxd4 Nf6 5. f3 e5 6. Nb3 d5 7. Bg5 d4 8. c3 Nc6 9. cxd4 Bb4+ 10. Bd2 Bxd2+ 11. Qxd2 Nxd4 12. Nxd4 Qxd4 13. Bb5+ Bd7 14. Qxd4 exd4 15. Na3 0-0-0 16. 0-0-0 Be6 17. Kb1 a6 18. Be2 Rd7 19. Rd2 Rhd8 20. Rhd1 Nh5 21. g3 g5 22. Bc4 b5 23. Bd3 Ng7 24. g4 f6 25. Nc2 Bg8 26. Bf1 Ne6 27. Nb4 Kb7 28. a4 bxa4 29. Bc4 a5 30. Bd5+ Kb6 31. Nc6 Rc8 32. Bxe6 Bxe6 33. Nxd4 Rcd8 34. Kc2 Bb3+ 35. Nxb3 axb3+ 36. Kc3 Rxd2 37. Rxd2 Rxd2 38. Kxd2 Kc5 39. Kc3 a4 40. Kd3 Kb4 41. f4 a3 42. bxa3+ Kxa3 0-1

[Event "GRE-ch U14"]
[Site "Thessaloniki"]
[Date "2022.08.20"]
[Round "4"]
[White "Kazantzoglou, Stefanos"]
[Black "Mavridis, Emmanouil"]
[Result "1/2-1/2"]
[WhiteElo "1835"]
[BlackElo "1424"]
[PlyCount "202"]
[EventDate "2022.08.18"]
[EventType "swiss"]
[EventRounds "9"]
[EventCountry "GRE"]
[SourceTitle "EXT 2023"]
[Source "ChessBase"]
[SourceDate "2022.10.05"]
[SourceVersion "1"]
[SourceVersionDate "2022.10.05"]
[SourceQuality "1"]

1. e4 e5 2. Bc4 Nf6 3. d3 Nc6 4. Nf3 Bc5 5. 0-0 d6 6. c3 h6 7. Re1 a5 8. d4 Ba7 9. Bb5 Bd7 10. Na3 0-0 11. h3 Re8 12. Bxc6 Bxc6 13. d5 Bd7 14. Nc4 Bc5 15. Qc2 b5 16. Ne3 c6 17. dxc6 Bxc6 18. Nf5 Bd7 19. Ng3 Be6 20. Be3 Bxe3 21. Rxe3 Qc7 22. a4 b4 23. Qd2 Rab8 24. Rc1 b3 25. c4 Rb4 26. Rec3 Reb8 27. Qd3 Rxa4 28. Nd2 Rab4 29. Nb1 Nd7 30. Na3 Nc5 31. Qd2 Qc6 32. f3 Qb6 33. Kf1 Qc6 34. Kg1 Bd7 35. Kh2 Kh7 36. Rd1 R8b6 37. Nf1 Be6 38. Ne3 Ra4 39. Nb5 Nb7 40. Na3 Rab4 41. Rd3 g6 42. g4 Kg7 43. Kg3 Ra6 44. h4 Rbb6 45. Nd5 Bxd5 46. Rxd5 a4 47. Qc3 Ra8 48. Nb5 Rd8 49. g5 h5 50. f4 Re8 51. fxe5 dxe5 52. Rxe5 Kg8 53. Rxe8+ Qxe8 54. Qd4 Qb8+ 55. e5 Re6 56. Kf4 Qc8 57. Qd5 Re8 58. Rd4 Qf5+ 59. Kg3 Qxe5+ 60. Qxe5 Rxe5 61. Nc3 Nc5 62. Kf4 Rf5+ 63. Ke3 Re5+ 64. Kf4 Rf5+ 65. Kg3 f6 66. gxf6 Rxf6 67. Rd5 Rc6 68. Kf3 Ne6 69. Re5 Nd4+ 70. Ke3 Rxc4 71. Kd3 Nf3 72. Re8+ Kf7 73. Re2 Rxh4 74. Rf2 Rf4 75. Ke3 Rf6 76. Rxf3 Rxf3+ 77. Kxf3 a3 78. bxa3 Ke6 79. Ke4 Kd6 80. Nd1 Kc5 81. Nb2 g5 82. Kd3 g4 83. Na4+ Kb5 84. Nc3+ Kc5 85. Ne4+ Kb5 86. Kc3 Ka4 87. Kb2 h4 88. Nf2 g3 89. Nh3 g2 90. Ng1 Kb5 91. Kxb3 Kc5 92. a4 Kd4 93. a5 Ke3 94. a6 Kf2 95. a7 Kxg1 96. a8Q Kh2 97. Qb8+ Kh1 98. Qb7 h3 99. Qf3 Kh2 100. Qe2 Kh1 101. Qf3 Kh2 1/2-1/2

[Event "GRE-ch U14"]
[Site "Thessaloniki"]
[Date "2022.08.19"]
[Round "3"]
[White "Poupalos, Nikolaos"]
[Black "Kazantzoglou, Stefanos"]
[Result "1-0"]
[WhiteElo "2020"]
[BlackElo "1835"]
[PlyCount "85"]
[EventDate "2022.08.18"]
[EventType "swiss"]
[EventRounds "9"]
[EventCountry "GRE"]
[SourceTitle "EXT 2023"]
[Source "ChessBase"]
[SourceDate "2022.10.05"]
[SourceVersion "1"]
[SourceVersionDate "2022.10.05"]
[SourceQuality "1"]

1. e4 e5 2. Nf3 Nc6 3. Bb5 a6 4. Ba4 Nf6 5. 0-0 b5 6. Bb3 Bc5 7. a4 Rb8 8. c3 d6 9. d4 Bb6 10. a5 Ba7 11. Be3 Bg4 12. Nbd2 exd4 13. cxd4 0-0 14. h3 Bh5 15. Qc2 Nb4 16. Qc3 c5 17. dxc5 dxc5 18. Bg5 h6 19. Bh4 Bxf3 20. Nxf3 g5 21. Rad1 Nxe4 22. Rxd8 Rbxd8 23. Qe5 Rde8 24. Qf5 c4 25. Re1 Nd6 26. Qd7 Bc5 27. Rxe8 Nxe8 28. Qf5 Be7 29. Qe4 Bc5 30. Bxc4 bxc4 31. Qxc4 Be7 32. Qe4 Bc5 33. Qf5 Be7 34. Bg3 Ng7 35. Qd7 Re8 36. Bd6 Nd5 37. Bxe7 Nxe7 38. Qd6 Ne6 39. Qxa6 Nd5 40. Qc6 Ndc7 41. Nd4 Nxd4 42. Qxc7 Nb3 43. Qc3 1-0

[Event "Kavala op 31st"]
[Site "Kavala"]
[Date "2022.07.27"]
[Round "2"]
[White "Ladopoulos, Dimitrios"]
[Black "Kazantzoglou, Stefanos"]
[Result "1-0"]
[WhiteElo "2335"]
[BlackElo "1676"]
[PlyCount "79"]
[EventDate "2022.07.26"]
[EventType "swiss"]
[EventRounds "9"]
[EventCountry "GRE"]
[SourceTitle "CBM 209 Extra"]
[Source "ChessBase"]
[SourceDate "2022.09.30"]
[SourceVersion "1"]
[SourceVersionDate "2022.09.30"]
[SourceQuality "1"]

1. Nf3 d5 2. d4 Nf6 3. c4 e6 4. g3 dxc4 5. Qa4+ Bd7 6. Qxc4 Bc6 7. Bg2 Be7 8. 0-0 0-0 9. Bg5 Nbd7 10. Nc3 h6 11. Bxf6 Nxf6 12. Rac1 Bxf3 13. Bxf3 c6 14. a3 Qb6 15. Na4 Qa5 16. Qc2 Rfd8 17. Rfd1 a6 18. b4 Qb5 19. Rb1 Qf5 20. Qxf5 exf5 21. Nb6 Rab8 22. e3 Ne4 23. Rb2 Bd6 24. Rc1 Bc7 25. Na4 Rd7 26. Nc5 Re7 27. a4 Bd6 28. Bxe4 fxe4 29. b5 axb5 30. axb5 Ree8 31. bxc6 b6 32. c7 Rbc8 33. Rxb6 Bxc7 34. Ra6 Bd8 35. Rb1 Re7 36. Kg2 Kf8 37. Rb5 Bc7 38. Rc6 Ke8 39. Na6 Kd7 40. Rbc5 1-0

[Event "GRE-ch U12"]
[Site "Patras"]
[Date "2021.08.30"]
[Round "1"]
[White "Benakis, Ioannis"]
[Black "Kazantzoglou, Stefanos"]
[Result "0-1"]
[WhiteElo "1191"]
[BlackElo "1534"]
[PlyCount "94"]
[EventDate "2021.08.30"]
[EventType "swiss"]
[EventRounds "9"]
[EventCountry "GRE"]
[SourceTitle "EXT 2022"]
[Source "ChessBase"]
[SourceDate "2021.10.06"]
[SourceVersion "1"]
[SourceVersionDate "2021.10.06"]
[SourceQuality "1"]

1. d4 d5 2. Nf3 Nf6 3. e3 e6 4. Bd3 c5 5. b3 Nc6 6. a3 Bd6 7. 0-0 0-0 8. Bb2 cxd4 9. exd4 Qc7 10. Nbd2 Re8 11. Re1 e5 12. Bb5 e4 13. Ne5 Bxe5 14. dxe5 Ng4 15. Bxc6 bxc6 16. c4 Nxe5 17. Qh5 Bd7 18. Re3 g6 19. Qg5 Qd8 20. Qg3 Nd3 21. Bc3 f5 22. f4 Qb6 23. b4 a5 24. c5 Qc7 25. Qh4 axb4 26. Bd4 Rf8 27. Qh6 Rf7 28. Rg3 Nxf4 29. Kf1 Rxa3 30. Raxa3 bxa3 31. Rxa3 Ne6 32. Ra8+ Bc8 33. Bc3 d4 34. Bb4 Qb7 35. Rxc8+ Qxc8 36. Kg1 Qb8 37. Ba5 Nxc5 38. Nc4 Qb1+ 39. Kf2 Qa2+ 40. Kg3 Qxc4 41. Bd8 Ne6 42. Bh4 e3 43. Kf3 Qf1+ 44. Kg3 Qf2+ 45. Kh3 Nf4+ 46. Qxf4 Qxf4 47. g3 Qf1# 0-1

[Event "EU-ch Amateur Online Final 2000/2300"]
[Site "Tornelo INT"]
[Date "2021.04.28"]
[Round "7"]
[White "Kazantzoglou, Stefanos"]
[Black "Kavalir, Jan"]
[Result "1/2-1/2"]
[WhiteElo "1645"]
[BlackElo "1987"]
[PlyCount "173"]
[EventDate "2021.04.28"]
[EventType "swiss (rapid)"]
[EventRounds "9"]
[EventCountry "NET"]
[SourceTitle "EXT 2023"]
[Source "ChessBase"]
[SourceDate "2022.10.05"]
[SourceVersion "1"]
[SourceVersionDate "2022.10.05"]
[SourceQuality "1"]

1. g3 Nf6 2. Bg2 d5 3. e3 e5 4. Ne2 Bf5 5. 0-0 c6 6. d4 Nbd7 7. dxe5 Nxe5 8. Nd4 Bg6 9. b3 Bh5 10. Qd2 Ne4 11. Bxe4 dxe4 12. Bb2 Be7 13. f4 exf3 14. Nf5 Qxd2 15. Nxg7+ Kf8 16. Nxd2 Kxg7 17. Bxe5+ f6 18. Bc3 Bc5 19. Bd4 Bxd4 20. exd4 Rad8 21. c3 c5 22. Nxf3 Bxf3 23. Rxf3 cxd4 24. Re1 Rhe8 25. Rxe8 Rxe8 26. cxd4 Re2 27. Rf2 Re1+ 28. Rf1 Re2 29. Rf2 Re1+ 30. Kg2 Rd1 31. Rc2 Rxd4 32. Kf2 Rd7 33. Ke2 Kg6 34. Rc8 Kf5 35. h3 Re7+ 36. Kf3 Rd7 37. Rc5+ Kg6 38. Rc3 Rd2 39. a4 Rd7 40. Ke2 Re7+ 41. Re3 Rd7 42. Re8 Rc7 43. Kd3 Kf7 44. Re1 Rd7+ 45. Kc4 Rd2 46. Re3 Rc2+ 47. Kb5 Rc1 48. b4 Rd1 49. a5 Rd5+ 50. Ka4 a6 51. Rc3 Rd7 52. Rc4 Re7 53. Rh4 Kg7 54. b5 Re3 55. Rg4+ Kf7 56. bxa6 bxa6 57. Kb4 Re5 58. Rd4 Ke7 59. Rh4 h5 60. g4 hxg4 61. Rxg4 Re6 62. Rg7+ Kd6 63. Rg4 Ke5 64. Kc5 Kf5 65. Rg8 Kf4 66. h4 f5 67. Rh8 Kg4 68. h5 Kg5 69. Rf8 Rh6 70. Rf7 Rxh5 71. Kb6 Rh6+ 72. Ka7 f4 73. Rb7 f3 74. Rb3 Kg4 75. Rb6 Rh7+ 76. Kxa6 Rf7 77. Rb1 f2 78. Rf1 Kg3 79. Kb6 Kg2 80. Rxf2+ Kxf2 81. a6 Rf6+ 82. Kb7 Ke3 83. a7 Rf7+ 84. Kb8 Rf8+ 85. Kb7 Kd4 86. a8Q Rxa8 87. Kxa8 1/2-1/2

[Event "EU-ch Amateur Online Final 2000/2300"]
[Site "Tornelo INT"]
[Date "2021.04.28"]
[Round "6"]
[White "Maruntis, Patrik Robert"]
[Black "Kazantzoglou, Stefanos"]
[Result "1-0"]
[WhiteElo "2028"]
[BlackElo "1645"]
[PlyCount "105"]
[EventDate "2021.04.28"]
[EventType "swiss (rapid)"]
[EventRounds "9"]
[EventCountry "NET"]
[SourceTitle "EXT 2023"]
[Source "ChessBase"]
[SourceDate "2022.10.05"]
[SourceVersion "1"]
[SourceVersionDate "2022.10.05"]
[SourceQuality "1"]

1. e4 c5 2. Nf3 e6 3. d4 cxd4 4. Nxd4 d5 5. Bb5+ Bd7 6. exd5 exd5 7. Bxd7+ Qxd7 8. 0-0 Nc6 9. Nc3 Bb4 10. Nde2 Bxc3 11. Nxc3 Nf6 12. Bg5 0-0-0 13. Bxf6 gxf6 14. Qf3 Rhg8 15. Kh1 Rg6 16. Rad1 Ne5 17. Qxd5 Qxd5 18. Rxd5 Rdg8 19. f4 Ng4 20. Rd3 Nh6 21. Nd5 Nf5 22. g4 Rxg4 23. Nxf6 Nh4 24. Nxg4 Rxg4 25. Rg3 Rxg3 26. hxg3 Nf5 27. Kh2 Kd7 28. Re1 f6 29. g4 Nd6 30. Kh3 Nc4 31. b3 Nb6 32. c4 Nc8 33. c5 Ne7 34. Rxe7+ Kxe7 35. Kh4 Kf7 36. Kh5 Ke6 37. Kh6 Kd5 38. g5 fxg5 39. fxg5 Kxc5 40. Kxh7 Kb4 41. g6 b5 42. g7 a5 43. g8Q Ka3 44. Qg2 a4 45. Qc2 Kb4 46. Qb2 axb3 47. axb3 Ka5 48. Qc3+ b4 49. Qc5+ Ka6 50. Qxb4 Ka7 51. Kg7 Ka6 52. Kf7 Ka7 53. Ke7 1-0

[Event "EU-ch Amateur Online Final 2000/2300"]
[Site "Tornelo INT"]
[Date "2021.04.28"]
[Round "4"]
[White "Pritulina, Svetlana"]
[Black "Kazantzoglou, Stefanos"]
[Result "0-1"]
[WhiteElo "2022"]
[BlackElo "1645"]
[PlyCount "80"]
[EventDate "2021.04.28"]
[EventType "swiss (rapid)"]
[EventRounds "9"]
[EventCountry "NET"]
[SourceTitle "EXT 2023"]
[Source "ChessBase"]
[SourceDate "2022.10.05"]
[SourceVersion "1"]
[SourceVersionDate "2022.10.05"]
[SourceQuality "1"]

1. e4 c5 2. f4 e6 3. Nf3 d5 4. e5 Nc6 5. d3 Nge7 6. c3 g6 7. g3 Bg7 8. Bg2 b6 9. Na3 Bb7 10. Nb5 Nc8 11. Na3 N8e7 12. Be3 Qd7 13. Bf2 f6 14. exf6 Bxf6 15. Qe2 Nf5 16. Bh3 0-0 17. g4 Ng7 18. g5 Bd8 19. Bg3 Bc7 20. Qd2 Nh5 21. Qe3 Rae8 22. Ne5 Bxe5 23. fxe5 d4 24. Qg1 Ne7 25. Bg2 Nf5 26. Bxb7 Qxb7 27. cxd4 Nxd4 28. Kd1 Qf3+ 29. Kd2 Qe2+ 30. Kc3 Nxg3 31. hxg3 Nf3 32. Qd1 Qxe5+ 33. Kb3 Nd4+ 34. Kc4 b5+ 35. Nxb5 Qd5+ 36. Kc3 Nxb5+ 37. Kd2 Rf2+ 38. Kc1 Qxg5+ 39. Kb1 Rb8 40. Qb3 Qe5 0-1